00362nam a2200133 a 450000500170000000800410001702000150005805000240007310000150009724500420011226000410015430000210019565000120021620140310183322.0060302s19uu xx 00 eng d a0345351525 aPS 3568b.R495 1993 aRice, Anne aThe queen of the damned /cAnne Rice. aNew York :bBallantine Books,c1993. a491 p. :c18 cm. aFiction